000 00615nam a22001817a 4500
999 _c195238
_d195238
005 20230317122637.0
010 _aENG-136397
020 _a9788194928683
_c266.00
035 _aEN-119929
037 _bDBAD/PUB
082 _aS
100 _aShekhar,Rajendra
245 _aSongs Of An Uncaged Parrot :
_cBy Rajendra Shekhar
_bSome curious cases of an upright police officer/
260 _bKonark Publications
_aNew Delhi
_c2022
270 _a206, First Floor, Peacock Lane, Shahpur Jat
_bNew Delhi
_e110049
_k+911141055065
_mindia@konarkpublishers.com
300 _axii180p.
_c20cm(pbk)
942 _2ddc
_cEN
_hA
_mRAJ